00307 2200133 4500001002100000005001500021035002000036245004900056300000800105260002800113082000800141084001200149990001200161INLIS00000000000222920250527015743 a0010-0525000521 aMenguasai Bahasa Jepang /cMaria D. Andriana a162 bIndonesia Cerdas,c2008 a490 a490 MEN a0713266